Responses for Show #4552 - Tuesday, May 25, 2004

Anne Boyd game 1.

Contestants

[<< previous game]

Anne Boyd, a freelance writer from Los Angeles, California

Glenn Fechner, an administrative assistant from Philadelphia, Pennsylvania

Jeremy Schanck, a business development coordinator from Washington, D.C. (whose 2-day cash winnings total $42,400)

[next game >>]

Jeopardy! Round responses

SALEM & THE WITCH TRIALS
COUNTRY SINGERS' NO. 1 HITS
-IST A JOB
ISLANDS
SEEING RED
(Alex: Each correct response will contain a double "P"--...)
2 "P"s
    $200 8
a broom(stick)

Jeremy
    $200 26
John Denver

Glenn
    $200 6
an herbalist

Jeremy
    $200 1
Hawaii

Jeremy
    $200 21
Crimson

Glenn
    $200 7
(Glenn: Who is...)

Happy

GlennAnne
    $400 9
the Caribbean

Anne
    $400 27
Johnny Paycheck

Anne
    $400 13
the salary cap

Glenn
    $400 2
Sicily

Jeremy
    $400 22
a cranberry

Anne
    $400 17
your bippy

Anne
    $600 10
a fungus

Anne
    $600 28
(Alex: You probably like his sausages, too. [*].)

Jimmy Dean

Triple Stumper
    $600 14
an evangelist

Anne
    $600 3
Iceland

Anne
    $600 23
fire engine red

Jeremy
    $600 18
a sapphire

Anne
    $800 11
judge

Anne
    $800 29
Dolly Parton

Jeremy
    $800 15
an oncologist

Glenn
    $800 4
Minorca

Jeremy
    $800 24
scarlet

Jeremy
    $1,000 19
the Appalachians

Anne
    $1000 12
Giles Corey

Anne
    $1000 30
(Alex: You couldn't remember his first name, could you? That's all right.)

(Tennessee Ernie) Ford

Glenn
    $1000 16
naturalist

Anne
    $1000 5
Bali

Glenn
    $1000 25
(What a) maroon

Glenn
    $1000 20
a doppleganger

Anne

Scores at the first commercial break (after clue 16):

Jeremy Glenn Anne
$1,800 $2,000 $5,200

Scores at the end of the Jeopardy! Round:

Jeremy Glenn Anne
$4,000 $4,400 $9,000

Double Jeopardy! Round responses

FAMOUS AMERICANS
CBS
SHORT STORIES
GOING DEEP
SCIENTISTS
DUDE, WHERE'S MY "CAR"?
    $400 3
the Mississippi

Jeremy
    $400 21
Mary Tyler Moore

Anne
    $400 16
Kafka

Anne
    $400 11
pizza

Anne
    $400 26
Darwin

Jeremy
    $400 1
a cardiologist

Jeremy
    $800 7
John Dillinger

Anne
    $800 22
60 Minutes

Anne
    $800 17
man

Glenn
    $800 12
deep in the heart of Texas

Anne
    $800 27
(Stephen) Hawking

Anne
    $800 2
Carnaby

Glenn
    $1200 8
(Jeremy: What is a moose?)

Theodore Roosevelt

JeremyGlenn
    $1200 23
Las Vegas

Anne
    $1200 18
"Where Have You Been"

Jeremy
    $1200 13
Deep Thoughts

Anne
    $1200 28
Roentgen

Jeremy
    $1200 4
Carpe diem

Anne
    $1600 9
(Aaron) Burr

Glenn
    $1600 24
(Alex: Come on down, you got it.)

Bob Barker

Glenn
    $1600 19
"Well-Lighted"

Anne
    $1600 14
Deep Space 9

Anne
    $1600 29
Leeuwenhoek

Anne
    $1600 5
(Glenn: What is carbon?)
(Alex: Be more specific.)
(Glenn: What is carbon... dating?)

carbon-14

JeremyGlenn
    $2000 10
Jane Addams

Anne
    $2000 25
Guiding Light

Glenn
    $2000 20
bananafish

Jeremy
    $2,000 15
(Alex: Famous chess match.)

(Garry) Kasparov

Anne
    $1,000 30
(Alex: You have $17,000 more than either of your opponents. How much are you going to risk on this final jeopardy?)
(Anne: [Thinks] ...I'll risk a thousand.)
(Alex: ...I was trying to steer you into a bigger wager, obviously, and it didn't work.)
(Anne: It's pretty big.)
(Alex: [Deadpan] No, not really. Here's the clue, though.)
[The audience busts out laughing.]
(Alex: ...Here's the clue:)

Linnaeus

Anne
    $2000 6
(Anne: What is Carraro?)
[Accepted as correct]

Carrara

Anne

Scores at the end of the Double Jeopardy! Round:

Jeremy Glenn Anne
$10,000 $10,800 $28,800
(lock game)

[wagering suggestions for these scores]

Final Jeopardy! Round responses

MYTHS & LEGENDS
(Alex: [To Jeremy] The famous sword of [*], yes. The sword was hanging by a thread over his head.)
...
(Alex: [To Anne] You're gonna wind up with an even $24,000, and that's enough to become the new Jeopardy! champ. You can smile now--thatta girl.)
JeremyWho is Damocles
$10,000
GlennWhat is Tantalus?
$8,001
AnneWho was Tantalus?
$4,800
Damocles

Final scores:

Jeremy Glenn Anne
$20,000 $2,799 $24,000
2nd place: $2,000 3rd place: $1,000 New champion: $24,000

Game dynamics:

Coryat scores:

Jeremy Glenn Anne
$10,000 $10,800 $29,600
15 R,
1 W
13 R,
2 W
31 R
(including 3 DDs),
0 W

Combined Coryat: $50,400

[game clues] [game scores] [suggest correction]

Game tape date: 2004-02-11
The J! Archive is created by fans, for fans. Scraping, republication, monetization, and malicious use prohibited; this site may use cookies and collect identifying information. See terms. The Jeopardy! game show and all elements thereof, including but not limited to copyright and trademark thereto, are the property of Jeopardy Productions, Inc. and are protected under law. This website is not affiliated with, sponsored by, or operated by Jeopardy Productions, Inc. Join the discussion at JBoard.tv.